Σημαντικές περιοχές για τα πουλιά της Ελλάδας : μια γνωριμία με τους σημαντικούς βιότοπους της Ελλάδας
Αποθηκεύτηκε σε:
| Συγγραφή απο Οργανισμό/Αρχή: | |
|---|---|
| Άλλοι συγγραφείς: | |
| Μορφή: | Βιβλίο |
| Γλώσσα: | Greek English |
| Δημοσίευση: |
Αθήνα :
Ελληνική Ορνιθολογική Εταιρεία,
1994.
|
| Θέματα: | |
| Ετικέτες: |
Προσθήκη ετικέτας
Δεν υπάρχουν, Καταχωρήστε ετικέτα πρώτοι!
|
MARC
| LEADER | 00000cam a2200000 i 4500 | ||
|---|---|---|---|
| 001 | 1/35988 | ||
| 008 | 961010s1994 gr | ||| |||| ||gre|| | ||
| 020 | |a 9608559707 | ||
| 035 | |a 1996 |c ΔΩΡΕΑ |l 10040120 | ||
| 035 | |a 1996 |b 3 |c Δωρεά | ||
| 040 | |a GR-MyUA |b gre |e AACR2 | ||
| 041 | 1 | |a gre |h eng | |
| 082 | 0 | |a 598.291495 | |
| 110 | 2 | |a Ελληνική Ορνιθολογική Εταιρεία. | |
| 245 | 1 | 0 | |a Σημαντικές περιοχές για τα πουλιά της Ελλάδας : |b μια γνωριμία με τους σημαντικούς βιότοπους της Ελλάδας / |c Ελληνική Ορνιθολογική Εταιρεία ; [μετάφραση Τζούλη Κόκκαλη] ; [επιμέλεια κειμένων: Κώστας Βασιλάκης, Μαρία Παναγιωτοπούλου, Γεωργία Τσάκωνα]. |
| 260 | |a Αθήνα : |b Ελληνική Ορνιθολογική Εταιρεία, |c 1994. | ||
| 300 | |a 271 σ. : |b πιν. ; |c 22 εκ. . | ||
| 500 | |a Ειδική έκδοση της Ελληνικής Ορνιθολογικής Εταιρείας, με τη συνεργασία των: Birdlife International, The Royal Society for the Protection of Birds, International Waterfowl and Wetlands Research Bureau. | ||
| 500 | |a Τίτλος πρωτοτύπου: Important Bird Areas in Europe. | ||
| 504 | |a Περιέχει βιβλιογραφικές αναφορές. | ||
| 650 | 0 | 0 | |a Birds |x Habitat |z Greece. |
| 650 | 0 | 0 | |a Birds, Protection of. |
| 650 | 0 | 0 | |a Wetlands |z Greece. |
| 650 | 0 | 0 | |a Birds |z Greece. |
| 650 | 0 | 0 | |a Wetland ecology |z Greece. |
| 700 | 1 | |a Κόκκαλη, Τζούλη, |e trlf | |
| 852 | |a INST |b LESVOS |e 19961121 |h 577.6809495 ΣΗΜ |p 005100012428 |q 005100012428 |t BK |y 0 | ||
| 852 | |a INST |b RHODES |e 19961125 |h 577.6809495 ΣΗΜ |p 005400006926 |q 005400006926 |t BK |y 0 | ||
| 852 | |a INST |b SAMOS |e 19961010 |h 598.291495 GRI |p 005300009671 |q 005300009671 |t BK |y 0 | ||
| 909 | |a Σ |b 036204 | ||
| 909 | |a Λ |b 048990 | ||
| 909 | |a Ρ |b 042883 | ||
| 922 | |b 199611 |c ΤΚΑ | ||
| 970 | |z 2000/06/ΟΙΚΟΝΟΜΟΠΟΥΛΟΥ (SUBJECT) | ||